000 00497nam a22001697a 4500
005 20251108165941.0
008 250721s1993 xx 000 0 ara d
082 1 4 _aط/372.6/حلب
100 1 _aحلبي، سمير حسين
245 1 0 _aتعلم قواعد الخط /
264 1 _aالقاهره :
_bالسفير للطباعة و النشر،
_c1993.
300 _a
650 1 7 _aالتعليم الأساسي
650 1 7 _aالخط العربي
942 _2ddc
_cBK
999 _c35684
_d35684